[Event "Wch U16 Girls"]
[Site "Montesilvano"]
[Date "2023.11.21"]
[Round "8"]
[White "Seemann, Pola"]
[Black "Enkhrii, Enkh Amgalan"]
[Result "0-1"]
[WhiteElo "1685"]
[BlackElo "1821"]
[PlyCount "66"]
[EventDate "2023.11.13"]
[EventType "swiss"]
[EventRounds "11"]
[EventCountry "ITA"]
[SourceTitle "CB48_2023"]
[SourceDate "2023.11.29"]
[SourceVersion "1"]
[SourceVersionDate "2023.11.29"]
[SourceQuality "1"]

1. e4 Nf6 2. e5 Nd5 3. c4 Nb6 4. d4 d6 5. exd6 cxd6 6. Nc3 g6 7. b3 Bg7 8. Bb2 0-0 9. Nf3 Bg4 10. Be2 d5 11. c5 Nc8 12. h3 Bxf3 13. Bxf3 e6 14. 0-0 Nc6 15. Ne2 N8e7 16. Qd2 Nf5 17. Bg4 Nh4 18. f4 h5 19. Bf3 Qf6 20. Rad1 a5 21. g3 Nf5 22. g4 Nh4 23. gxh5 gxh5 24. Kh2 Bh6 25. Bxh5 Kh8 26. Ng3 Rg8 27. Qf2 Ne7 28. Ne4 Qf5 29. Qxh4 Qxe4 30. Bg4 Nf5 31. Qf2 Ne3 32. Rde1 Rxg4 33. Qf3 Nxf1+ 0-1

[Event "Wch U16 Girls"]
[Site "Montesilvano"]
[Date "2023.11.17"]
[Round "5"]
[White "Seemann, Pola"]
[Black "Zelbova, Lada"]
[Result "0-1"]
[WhiteElo "1685"]
[BlackElo "2057"]
[PlyCount "106"]
[EventDate "2023.11.13"]
[EventType "swiss"]
[EventRounds "11"]
[EventCountry "ITA"]
[SourceTitle "CB48_2023"]
[SourceDate "2023.11.29"]
[SourceVersion "1"]
[SourceVersionDate "2023.11.29"]
[SourceQuality "1"]

1. e4 c5 2. Nf3 d6 3. d4 cxd4 4. Nxd4 Nf6 5. Nc3 a6 6. Bg5 Nc6 7. Bc4 e6 8. 0-0 Be7 9. Be3 Bd7 10. a3 0-0 11. f4 Qc7 12. Be2 Rfd8 13. Qe1 Na5 14. Rd1 b5 15. Qg3 Nc4 16. Bc1 Rac8 17. f5 Kh8 18. Bg5 Nxb2 19. fxe6 Bxe6 20. Nd5 Bxd5 21. exd5 Ne4 22. Qf4 Bxg5 23. Qxe4 Nxd1 24. Bd3 Be3+ 25. Kh1 g6 26. Rxd1 Bxd4 27. Qxd4+ Kg8 28. h4 Qc3 29. Qf4 Qe5 30. Qf3 Qh5 31. Qxh5 gxh5 32. Rf1 Re8 33. Rf6 Rcd8 34. c4 bxc4 35. Bxc4 a5 36. Bb5 Re4 37. g3 Re3 38. a4 Rxg3 39. Kh2 Rg4 40. Kh3 Rg6 41. Rf5 Rc8 42. Bc6 Rc7 43. Rxh5 Re7 44. Rf5 Re3+ 45. Kh2 Re2+ 46. Kh3 Re3+ 47. Kh2 Rg4 48. h5 Re5 49. Rxe5 dxe5 50. d6 Rd4 51. d7 Kf8 52. Kg3 Ke7 53. h6 f5 0-1

[Event "POL-ch Rapid U18 Girls"]
[Site "Bydgoszcz"]
[Date "2023.08.29"]
[Round "6"]
[White "Seemann, Pola"]
[Black "Predkiewicz, Paulina"]
[Result "0-1"]
[WhiteElo "1700"]
[BlackElo "1297"]
[PlyCount "58"]
[EventDate "2023.08.28"]
[EventType "swiss"]
[EventRounds "11"]
[EventCountry "POL"]
[SourceTitle "EXT 2024"]
[Source "ChessBase"]
[SourceDate "2023.10.10"]
[SourceVersion "1"]
[SourceVersionDate "2023.10.10"]
[SourceQuality "1"]

1. e4 e5 2. Nf3 Nc6 3. Bc4 Nf6 4. d3 Be7 5. 0-0 0-0 6. Re1 d6 7. a4 a5 8. Nc3 Bg4 9. h3 Bh5 10. Be3 Re8 11. g4 Bg6 12. Nh4 Kh8 13. Nxg6+ fxg6 14. Qf3 Rf8 15. Qg3 Nb4 16. Bb3 d5 17. exd5 Nfxd5 18. Nxd5 Nxd5 19. Qxe5 Nxe3 20. Qxe3 Bh4 21. Re2 Ra6 22. f4 Raf6 23. Rf1 Qd6 24. Qf3 h6 25. Qxb7 Rxf4 26. Rxf4 Qxf4 27. Qg2 Bg3 28. Rd2 Qe3+ 29. Kh1 Qe1+ 0-1

[Event "Wch U16 Girls blitz"]
[Site "Batumi"]
[Date "2023.06.11"]
[Round "10"]
[White "Seemann, Pola"]
[Black "Hayrapetyan, Nvard"]
[Result "0-1"]
[WhiteElo "1687"]
[BlackElo "1624"]
[PlyCount "86"]
[EventDate "2023.06.10"]
[EventType "swiss (blitz)"]
[EventRounds "11"]
[EventCountry "GEO"]
[SourceTitle "EXT 2024"]
[Source "ChessBase"]
[SourceDate "2023.10.10"]
[SourceVersion "1"]
[SourceVersionDate "2023.10.10"]
[SourceQuality "1"]
[WhiteTeam "Poland"]
[BlackTeam "Armenia"]
[WhiteTeamCountry "POL"]
[BlackTeamCountry "ARM"]

1. e4 c5 2. Nf3 e6 3. d4 cxd4 4. Nxd4 Nf6 5. Nc3 Nc6 6. a3 a6 7. Be3 Qc7 8. Be2 Be7 9. 0-0 0-0 10. f4 d6 11. Kh1 Bd7 12. Qe1 b5 13. Qg3 d5 14. e5 Ne8 15. Nxc6 Bxc6 16. f5 exf5 17. Bh6 d4 18. Nd1 Be4 19. Nf2 Kh8 20. Nxe4 fxe4 21. Bf4 Qxc2 22. Bg4 f5 23. Bh3 e3 24. Bg5 Ra7 25. Rac1 Qe4 26. Bxe7 Rxe7 27. Qg5 Rxe5 28. Rf4 Qd5 29. Qh4 d3 30. Rd4 Qb3 31. Qf4 d2 32. Rg1 Qe6 33. Bg4 Re4 34. Rxe4 Qxe4 35. Qxe4 fxe4 36. Be2 Nd6 37. g3 Nf5 38. Kg2 Nd4 39. Bg4 Rf2+ 40. Kh3 g6 41. Rd1 h5 42. Bd7 Nf3 43. Bc6 Rxh2# 0-1

[Event "Wch U14 Girls"]
[Site "Mamaia"]
[Date "2022.09.10"]
[Round "5"]
[White "Peglau, Charis"]
[Black "Seemann, Pola"]
[Result "1-0"]
[WhiteElo "1938"]
[BlackElo "1635"]
[PlyCount "47"]
[EventDate "2022.09.06"]
[EventType "swiss"]
[EventRounds "11"]
[EventCountry "ROU"]
[SourceTitle "CBM 210 Extra"]
[Source "ChessBase"]
[SourceDate "2022.11.30"]
[SourceVersion "1"]
[SourceVersionDate "2022.11.30"]
[SourceQuality "1"]

1. Nf3 d5 2. b3 Nf6 3. Bb2 g6 4. e3 Bg7 5. c4 c6 6. Nc3 0-0 7. d4 Nbd7 8. Bd3 Re8 9. 0-0 e5 10. dxe5 Ng4 11. cxd5 cxd5 12. Bb5 Ngxe5 13. Qxd5 Nxf3+ 14. Qxf3 a6 15. Bxd7 Bxd7 16. Qxb7 Rc8 17. Rfd1 Rc7 18. Qd5 Qc8 19. Qd2 Bc6 20. Rac1 Qg4 21. e4 Bxc3 22. Qxc3 f6 23. Qxf6 Rec8 24. Rd8+ 1-0

[Event "POL-chT U18 1st"]
[Site "Poland"]
[Date "2022.06.29"]
[Round "5.6"]
[White "Dzierzgowska, Jagoda"]
[Black "Seemann, Pola"]
[Result "1/2-1/2"]
[WhiteElo "1277"]
[BlackElo "1738"]
[PlyCount "79"]
[EventDate "2022.06.25"]
[EventType "team-swiss"]
[EventRounds "9"]
[EventCountry "POL"]
[SourceTitle "EXT 2023"]
[Source "ChessBase"]
[SourceDate "2022.10.05"]
[SourceVersion "1"]
[SourceVersionDate "2022.10.05"]
[SourceQuality "1"]
[WhiteTeam "Warszawa Polonia"]
[BlackTeam "Rybnik"]
[WhiteTeamCountry "POL"]
[BlackTeamCountry "POL"]

1. d4 d5 2. Nf3 Nf6 3. Bf4 c5 4. c3 Nc6 5. e3 Qb6 6. Qc2 g6 7. dxc5 Qxc5 8. Bd3 Bg7 9. h3 0-0 10. Nbd2 Re8 11. e4 e5 12. Bh2 Qb6 13. 0-0 Bd7 14. Rfe1 Rac8 15. Qb3 Qc5 16. exd5 Na5 17. Qb4 Qxd5 18. Be4 Nxe4 19. Qxe4 Qxe4 20. Nxe4 Rc6 21. Rad1 Bf5 22. Nd6 Rxd6 23. Rxd6 Nc4 24. Rd5 Nxb2 25. Nxe5 Nc4 26. f4 b6 27. Bg3 Nxe5 28. fxe5 Rc8 29. Rc1 Bh6 30. Rcd1 Rxc3 31. Rd8+ Kg7 32. Be1 Rc2 33. Bb4 Be3+ 34. Kh1 h5 35. Be7 g5 36. Bf6+ Kg6 37. Rg8+ Kh6 38. Rh8+ Kg6 39. Rg8+ Kh6 40. Rh8+ 1/2-1/2

[Event "POL-chT U18 1st"]
[Site "Poland"]
[Date "2022.06.28"]
[Round "4.6"]
[White "Seemann, Pola"]
[Black "Wieczorek, Maja"]
[Result "0-1"]
[WhiteElo "1738"]
[BlackElo "1270"]
[PlyCount "92"]
[EventDate "2022.06.25"]
[EventType "team-swiss"]
[EventRounds "9"]
[EventCountry "POL"]
[SourceTitle "EXT 2023"]
[Source "ChessBase"]
[SourceDate "2022.10.05"]
[SourceVersion "1"]
[SourceVersionDate "2022.10.05"]
[SourceQuality "1"]
[WhiteTeam "Rybnik"]
[BlackTeam "Wroclaw Invest Polonia"]
[WhiteTeamCountry "POL"]
[BlackTeamCountry "POL"]

1. e4 d6 2. d4 Nf6 3. Nc3 g6 4. h3 c6 5. Nf3 Bg7 6. Be3 b5 7. Bd3 a5 8. a3 0-0 9. d5 Bb7 10. dxc6 Bxc6 11. Nd4 b4 12. axb4 axb4 13. Nxc6 Nxc6 14. Ne2 Ne5 15. 0-0 Nfd7 16. Bd4 Rxa1 17. Qxa1 Nxd3 18. Bxg7 Kxg7 19. cxd3 Nc5 20. Rd1 Qb6 21. Ng3 Qb5 22. d4 Nd3 23. Qb1 Nf4 24. Re1 Rc8 25. Kh2 Nd3 26. Re3 Nf4 27. Qd1 Qg5 28. Nf5+ Kf8 29. Rg3 Qf6 30. Qg4 Ne6 31. d5 h5 32. Qd1 Nc5 33. Nh6 Nxe4 34. Rf3 Qe5+ 35. g3 Nf6 36. Qd2 Kg7 37. Nf5+ gxf5 38. Qg5+ Kf8 39. Rxf5 Qxb2 40. Qh6+ Ke8 41. Qe3 Qc3 42. Qa7 b3 43. Qb7 b2 44. Rf3 Qc2 45. Re3 Qxf2+ 46. Kh1 Rc1+ 0-1

[Event "POL-chT U18 1st"]
[Site "Poland"]
[Date "2022.06.27"]
[Round "3.6"]
[White "Seemann, Pola"]
[Black "Kulczycka, Zofia"]
[Result "1-0"]
[WhiteElo "1738"]
[BlackElo "1558"]
[PlyCount "85"]
[EventDate "2022.06.25"]
[EventType "team-swiss"]
[EventRounds "9"]
[EventCountry "POL"]
[SourceTitle "EXT 2023"]
[Source "ChessBase"]
[SourceDate "2022.10.05"]
[SourceVersion "1"]
[SourceVersionDate "2022.10.05"]
[SourceQuality "1"]
[WhiteTeam "Rybnik"]
[BlackTeam "Wroclaw Srodmiescie"]
[WhiteTeamCountry "POL"]
[BlackTeamCountry "POL"]

1. e4 c6 2. d4 d5 3. Nc3 dxe4 4. Nxe4 Bf5 5. Ng3 Bg6 6. N1e2 Nd7 7. Nf4 e5 8. Nxg6 hxg6 9. Be3 Ngf6 10. Bc4 Qe7 11. Qe2 0-0-0 12. 0-0-0 exd4 13. Bxd4 Qxe2 14. Nxe2 c5 15. Bxf6 gxf6 16. Bxf7 Bh6+ 17. Kb1 Ne5 18. Be6+ Kb8 19. f4 Nc6 20. g3 Bg7 21. h4 Rhe8 22. Bc4 Na5 23. Rxd8+ Rxd8 24. Bf7 Rd2 25. Re1 g5 26. h5 Rd7 27. Be6 Rd2 28. Kc1 Rd6 29. f5 Nc6 30. Nc3 Nd4 31. g4 Nf3 32. Rh1 Nh4 33. Ne4 Rd4 34. Nxc5 Rxg4 35. Rd1 a6 36. b3 Bh6 37. Rd8+ Ka7 38. Rh8 Bg7 39. Rh7 Bf8 40. Rxb7+ Ka8 41. Rc7 Bd6 42. Bd5+ Kb8 43. Nxa6# 1-0

[Event "Wch U14 Girls blitz"]
[Site "Rhodes"]
[Date "2022.05.03"]
[Round "3"]
[White "Kawa, Anna"]
[Black "Seemann, Pola"]
[Result "0-1"]
[WhiteElo "1353"]
[BlackElo "1439"]
[PlyCount "124"]
[EventDate "2022.05.03"]
[EventType "swiss (blitz)"]
[EventRounds "9"]
[EventCountry "GRE"]
[SourceTitle "CBM 208 Extra"]
[Source "ChessBase"]
[SourceDate "2022.07.31"]
[SourceVersion "1"]
[SourceVersionDate "2022.07.31"]
[SourceQuality "1"]

1. e4 e5 2. Nf3 Nc6 3. Bc4 Nf6 4. Ng5 d5 5. exd5 Na5 6. Bb5+ c6 7. dxc6 bxc6 8. Bd3 Nd5 9. Nf3 Bd6 10. Nc3 0-0 11. Nxd5 cxd5 12. Be2 f5 13. d3 Nc6 14. h3 e4 15. dxe4 dxe4 16. Qd5+ Kh8 17. Qxc6 exf3 18. Qxf3 Rb8 19. 0-0 Bb7 20. Qh5 Bc7 21. Bg5 Qd6 22. f4 Bb6+ 23. Kh1 Qc6 24. Bf3 Qxc2 25. Bxb7 Rxb7 26. Qf3 Rd7 27. Qc3 Qe2 28. Rae1 Qh5 29. Re7 Rxe7 30. Bxe7 Re8 31. Ba3 Qe2 32. Qf3 Qc4 33. Rd1 h6 34. Qh5 Re2 35. Qxf5 Rf2 36. Qf8+ Kh7 37. Qf5+ Kh8 38. Re1 Rf1+ 39. Rxf1 Qxf1+ 40. Kh2 Bg1+ 41. Kg3 Qf2+ 42. Kg4 Qxg2+ 43. Kh5 Qf3+ 44. Kg6 Qc6+ 45. Kf7 Qb7+ 46. Ke8 Qb8+ 47. Ke7 Qb7+ 48. Ke6 Qc8+ 49. Ke5 Qe8+ 50. Kd5 Qd8+ 51. Ke4 Qd4+ 52. Kf3 Qe3+ 53. Kg4 Qe2+ 54. Kg3 Bf2+ 55. Kg2 Bh4+ 56. Kh1 Qf1+ 57. Kh2 Qf2+ 58. Kh1 Qf3+ 59. Kg1 Bf2+ 60. Kf1 Be3+ 61. Ke1 Qf2+ 62. Kd1 Qd2# 0-1

[Event "Jastrzebie Zdroj op 4th"]
[Site "Jastrzebie Zdroj"]
[Date "2021.11.11"]
[Round "7"]
[White "Herwy, Jakub"]
[Black "Seemann, Pola"]
[Result "1-0"]
[WhiteElo "1866"]
[BlackElo "1491"]
[PlyCount "59"]
[EventDate "2021.11.07"]
[EventType "swiss"]
[EventRounds "9"]
[EventCountry "POL"]
[SourceTitle "CBM 205 Extra"]
[Source "ChessBase"]
[SourceDate "2022.01.31"]
[SourceVersion "1"]
[SourceVersionDate "2022.01.31"]
[SourceQuality "1"]

1. e4 e5 2. Nc3 Nf6 3. f4 d5 4. fxe5 Nxe4 5. Qf3 f5 6. d3 Nxc3 7. bxc3 d4 8. Be2 Nc6 9. Qg3 Be6 10. Nh3 Qd7 11. 0-0 Bc5 12. c4 0-0 13. Bf3 Rae8 14. Bf4 Ne7 15. Ng5 Kh8 16. Rab1 b6 17. Qh3 Bg8 18. e6 Qd8 19. Bh5 Qc8 20. Bf7 Bd6 21. Bxd6 cxd6 22. Bxg8 h6 23. Bf7 Rd8 24. Rxf5 d5 25. Rf3 dxc4 26. Ne4 cxd3 27. cxd3 Qc2 28. Rbf1 Qxa2 29. Rf6 Ng8 30. e7 1-0